000 00471nam a2200193Ia 4500
005 20250326125752.0
008 250326s9999 xx 000 0 und d
037 _aTextbook
040 _aFMSL
_beng
_cFMSL
041 _aeng
_2eng
084 _aX N4
_qFMSL
100 _aLester R A
245 0 _aEconomics of labour
_cLester R A
250 _a2
260 _aNY
_bNY, Macmillan
_c1964
300 _a626p
942 _cTB
_hX N4
999 _c1279484
_d1279484